<?xml version="1.0" encoding="UTF-8"?>
<collection xmlns="http://www.loc.gov/MARC21/slim">
    <record>
        <controlfield tag="001">88506</controlfield>
        <controlfield tag="005">20200716101454.0</controlfield>
        <datafield tag="024" ind1="7" ind2=" ">
            <subfield code="2">doi</subfield>
            <subfield code="a">10.1080/17408989.2019.1592145</subfield>
        </datafield>
        <datafield tag="024" ind1="8" ind2=" ">
            <subfield code="2">sideral</subfield>
            <subfield code="a">111311</subfield>
        </datafield>
        <datafield tag="037" ind1=" " ind2=" ">
            <subfield code="a">ART-2019-111311</subfield>
        </datafield>
        <datafield tag="041" ind1=" " ind2=" ">
            <subfield code="a">eng</subfield>
        </datafield>
        <datafield tag="100" ind1=" " ind2=" ">
            <subfield code="0">(orcid)0000-0001-8115-0649</subfield>
            <subfield code="a">García-González, Luis</subfield>
            <subfield code="u">Universidad de Zaragoza</subfield>
        </datafield>
        <datafield tag="245" ind1=" " ind2=" ">
            <subfield code="a">The role of task and ego-oriented climate in explaining students’ bright and dark motivational experiences in Physical Education</subfield>
        </datafield>
        <datafield tag="260" ind1=" " ind2=" ">
            <subfield code="c">2019</subfield>
        </datafield>
        <datafield tag="506" ind1="0" ind2=" ">
            <subfield code="a">Access copy available to the general public</subfield>
            <subfield code="f">Unrestricted</subfield>
        </datafield>
        <datafield tag="520" ind1="3" ind2=" ">
            <subfield code="a">Background: A distinction is made in Achievement Goal Theory (AGT) between task-oriented (i.e. effort, intra-individual progress, and self-comparison) and ego-oriented (i.e. inter-individual progress and normative comparison) climates. Combining insights from AGT and Self-Determination Theory (SDT), studies in the PE context have shown that a task-oriented climate positively relates to need satisfaction, although the findings regarding the motivating role of an ego-oriented climate are inconsistent. Moreover, little is known about the role of task- or ego-oriented climates in explaining experiences of basic psychological need frustration. Purpose: Grounded in AGT and SDT, the aim of the present study was to examine if experiences of basic psychological need satisfaction and need frustration can explain why task- and ego-oriented climates elicit positive and negative motivational outcomes in PE, respectively. Research design: Cross-sectional study. Method: A sample of 524 secondary school students (51.1% boys, M age = 14.51; SD = 1.81) from five different secondary schools participated in this study. Students reported on their perceptions of task- and ego-oriented climates, motivational regulations, basic psychological need satisfaction, and need frustration, as well as positive and negative outcomes in PE. Structural equation modeling was used to investigate our objective. Results: We found that a task-oriented climate had a strong and positive relationship with basic psychological need satisfaction, eliciting a bright pathway to autonomous motivation and affective attitude. An ego-oriented climate was positively related to basic psychological need frustration, eliciting a dark pathway to amotivation and boredom. A negative cross-path from task-oriented climate to basic psychological need frustration was also found, while no significant cross-paths were found from ego-oriented climate to basic psychological need satisfaction. Conclusions: This study provides a better understanding of the mechanisms that explain why task- and ego-oriented climates shape students’ motivational experiences in PE lessons. It is suggested that a task-oriented climate elicits a bright pathway towards more optimal functioning, because it fosters experiences of need satisfaction and buffers against experiences of need frustration. In contrast, an ego-oriented climate is primarily positively related to feelings of need frustration and negative motivational outcomes. Practical implications for PE teacher training are discussed.</subfield>
        </datafield>
        <datafield tag="540" ind1=" " ind2=" ">
            <subfield code="9">info:eu-repo/semantics/openAccess</subfield>
            <subfield code="a">All rights reserved</subfield>
            <subfield code="u">http://www.europeana.eu/rights/rr-f/</subfield>
        </datafield>
        <datafield tag="590" ind1=" " ind2=" ">
            <subfield code="a">2.618</subfield>
            <subfield code="b">2019</subfield>
        </datafield>
        <datafield tag="591" ind1=" " ind2=" ">
            <subfield code="a">EDUCATION &amp; EDUCATIONAL RESEARCH</subfield>
            <subfield code="b">43 / 263 = 0.163</subfield>
            <subfield code="c">2019</subfield>
            <subfield code="d">Q1</subfield>
            <subfield code="e">T1</subfield>
        </datafield>
        <datafield tag="592" ind1=" " ind2=" ">
            <subfield code="a">1.05</subfield>
            <subfield code="b">2019</subfield>
        </datafield>
        <datafield tag="593" ind1=" " ind2=" ">
            <subfield code="a">Education</subfield>
            <subfield code="c">2019</subfield>
            <subfield code="d">Q1</subfield>
        </datafield>
        <datafield tag="593" ind1=" " ind2=" ">
            <subfield code="a">Orthopedics and Sports Medicine</subfield>
            <subfield code="c">2019</subfield>
            <subfield code="d">Q1</subfield>
        </datafield>
        <datafield tag="593" ind1=" " ind2=" ">
            <subfield code="a">Physical Therapy, Sports Therapy and Rehabilitation</subfield>
            <subfield code="c">2019</subfield>
            <subfield code="d">Q1</subfield>
        </datafield>
        <datafield tag="593" ind1=" " ind2=" ">
            <subfield code="a">Sports Science</subfield>
            <subfield code="c">2019</subfield>
            <subfield code="d">Q2</subfield>
        </datafield>
        <datafield tag="655" ind1=" " ind2="4">
            <subfield code="a">info:eu-repo/semantics/article</subfield>
            <subfield code="v">info:eu-repo/semantics/acceptedVersion</subfield>
        </datafield>
        <datafield tag="700" ind1=" " ind2=" ">
            <subfield code="0">(orcid)0000-0002-2077-1983</subfield>
            <subfield code="a">Sevil-Serrano, Javier</subfield>
            <subfield code="u">Universidad de Zaragoza</subfield>
        </datafield>
        <datafield tag="700" ind1=" " ind2=" ">
            <subfield code="0">(orcid)0000-0002-1543-5109</subfield>
            <subfield code="a">Abós, Ángel</subfield>
            <subfield code="u">Universidad de Zaragoza</subfield>
        </datafield>
        <datafield tag="700" ind1=" " ind2=" ">
            <subfield code="a">Aelterman, Nathalie</subfield>
        </datafield>
        <datafield tag="700" ind1=" " ind2=" ">
            <subfield code="a">Haerens, Leen</subfield>
        </datafield>
        <datafield tag="710" ind1="2" ind2=" ">
            <subfield code="1">3001</subfield>
            <subfield code="2">187</subfield>
            <subfield code="a">Universidad de Zaragoza</subfield>
            <subfield code="b">Dpto. Expres.Music.Plást.Corp.</subfield>
            <subfield code="c">Área Didáctica Expres.Corporal</subfield>
        </datafield>
        <datafield tag="773" ind1=" " ind2=" ">
            <subfield code="g">24, 4 (2019), 344-358</subfield>
            <subfield code="p">PHYS EDUC SPORT PEDA</subfield>
            <subfield code="t">Physical education and sport pedagogy</subfield>
            <subfield code="x">1740-8989</subfield>
        </datafield>
        <datafield tag="856" ind1="4" ind2=" ">
            <subfield code="s">694144</subfield>
            <subfield code="u">http://zaguan.unizar.es/record/88506/files/texto_completo.pdf</subfield>
            <subfield code="y">Postprint</subfield>
        </datafield>
        <datafield tag="856" ind1="4" ind2=" ">
            <subfield code="s">260096</subfield>
            <subfield code="u">http://zaguan.unizar.es/record/88506/files/texto_completo.jpg?subformat=icon</subfield>
            <subfield code="x">icon</subfield>
            <subfield code="y">Postprint</subfield>
        </datafield>
        <datafield tag="909" ind1="C" ind2="O">
            <subfield code="o">oai:zaguan.unizar.es:88506</subfield>
            <subfield code="p">articulos</subfield>
            <subfield code="p">driver</subfield>
        </datafield>
        <datafield tag="951" ind1=" " ind2=" ">
            <subfield code="a">2020-07-16-09:08:50</subfield>
        </datafield>
        <datafield tag="980" ind1=" " ind2=" ">
            <subfield code="a">ARTICLE</subfield>
        </datafield>
    </record>

    
</collection>